000 00456nam a22001577a 4500
008 150713b xxu||||| |||| 00| 0 alb d
041 0 _aalb
080 _a09
100 _aDujaka, Esad ;
245 _aDéjà vu
_cEsad Dujaka ;
260 _aHouston :
_bJalifat Publishing ;
_c2014.
300 _a292 f.,
_b16 fl. : me foto ;
_c21 cm.
505 _aBibliografia.: f.290-292 dhe në fund të faq. - L.1000, pa tir
650 0 _aBiografia
942 _2udc
_cBK
999 _c1114
_d1114